| 000 | 01444namaa22003251i 4500 | ||
|---|---|---|---|
| 005 | 20260623104831.0 | ||
| 008 | 260614s1995 ua a|||frm||| 000 0 eng d | ||
| 040 |
_aEG-GICUC _beng _cEG-GICUC _dEG-GICUC _erda |
||
| 041 | 0 |
_aeng _beng _bara |
|
| 049 | _aDeposit | ||
| 097 | _aM.Sc | ||
| 099 | _aCai01.08.08.M.Sc.1995.Di.C. | ||
| 100 | 0 |
_aDina Mahmoud Mostafa, _epreparation. |
|
| 245 | 1 | 0 |
_aChemoprophylaxis Of Schistosomiasis Mansoni Using Liposome-Encapsulated Oxamniquine / _cBy Dina Mahmoud Mostafa; Supervised By Prof.Dr. Alia A. Badawi, Prof.Dr. Mohamed S. EL-Ridy, Dr. Rawia M. khalil. |
| 246 | 1 | 5 | _aالوقاية الكيميائية لبلهارسيا المستقيم باستخدام الأوكسامنيكين الحوصل داخل ليبوزومات |
| 264 | 0 | _c1995. | |
| 300 |
_a133 Leaves : _billustrations ; _c30 cm. + |
||
| 336 |
_2rda content _atext |
||
| 337 |
_2rdamedia _aUnmediated |
||
| 338 |
_2rdacarrier _avolume |
||
| 502 | _aThesis (M.Sc.) -Cairo University, 1995. | ||
| 504 | _aBibliography: pages 114-133. | ||
| 653 | 0 | _aPharmaceutics | |
| 700 | 0 |
_aAlia A. Badawi _ethesis advisor. |
|
| 700 | 0 |
_aMohamed S. EL-Ridy _ethesis advisor. |
|
| 700 | 0 |
_aRawia M. khalil _ethesis advisor. |
|
| 900 |
_DDepartment of Pharmaceutics _FFaculty of Pharmacy _UCairo University _b1995 _cAlia A. Badawi _cMohamed S. EL-Ridy _cRawia M. khalil |
||
| 905 |
_aEman El gebaly _eNourhan |
||
| 942 |
_2ddc _cTH _e21 _n0 |
||
| 999 | _c180525 | ||